| 000 | 00856cam a2200265 a 4500 | ||
|---|---|---|---|
| 999 |
_c25583 _d25583 |
||
| 001 | 4452447 | ||
| 003 | OSt | ||
| 005 | 20210629094029.0 | ||
| 008 | 950720r19961967nyu b 000 0 eng | ||
| 010 | _a 95031333 | ||
| 020 | _a0805210504 (pbk.) | ||
| 040 |
_aMMU _cMMU _dMMU _beng |
||
| 050 | 0 | 0 |
_aBM45 _b.B814 1996 |
| 082 | 0 | 0 |
_a296 _220 |
| 100 | 1 |
_aBuber, Martin, _d1878-1965. |
|
| 245 | 1 | 0 |
_aOn Judaism / _cMartin Buber ; edited by Nahum N. Glatzer ; foreword by Rodger Kamenetz. |
| 260 |
_aNew York : _bSchocken Books, _cc1996. |
||
| 300 |
_axxiii, 242 p. ; _c21 cm. |
||
| 500 | _aIncludes bibliographical references (p. [227]-235). | ||
| 501 | _aOriginally published: 1967. With new foreword. | ||
| 650 | 0 | _aJudaism. | |
| 650 | 0 |
_aJudaism _y20th century. |
|
| 700 | 1 |
_aGlatzer, Nahum N. _q(Nahum Norbert), _d1903-1990. |
|
| 942 |
_2lcc _cLOAN LOAN |
||